000
00304nam a22001337a 4500
008
180112b xxu||||| |||| 00| 0 eng d
020
_a
9780470843109
041
_a
eng
080
_a
541
100
_a
12
101
_a
KIM
245
_a
Molecular Modelling for Beginners
_c
Hichliff, A
942
_2
udc
_c
BK
999
_c
40190
_d
40190